Rodinná mediácia ako prevencia konfliktov na pracovisku

Význam rodinnej mediácie v prevencii vzniku konfliktov na pracovisku. Výnimočnosť rodinnej mediácie. K rozvodovej/rozchodovej mediácii a vzťahov s deťmi. K emocionálnemu a sociálnemu rozmeru porozvodovej mediácie. Ako sa s rozvodom vyrovnávajú deti. Praktické príklady.

Uložené v:
Podrobná bibliografia
Hlavný autor: Kutlík, František
Médium: Kapitola
Jazyk:Slovak
Predmet:
Tagy: Pridať tag
Žiadne tagy, Buďte prvý, kto otaguje tento záznam!

MARC

LEADER 00000naa a2200000 4500
001 0235667
005 20170907142122.5
041 0 |a slo 
044 |a SK 
245 1 0 |a Rodinná mediácia ako prevencia konfliktov na pracovisku  |c František Kutlík 
520 |a Význam rodinnej mediácie v prevencii vzniku konfliktov na pracovisku. Výnimočnosť rodinnej mediácie. K rozvodovej/rozchodovej mediácii a vzťahov s deťmi. K emocionálnemu a sociálnemu rozmeru porozvodovej mediácie. Ako sa s rozvodom vyrovnávajú deti. Praktické príklady. 
610 2 0 |a mediácia 
610 2 0 |a mediátori 
610 2 0 |a rodina 
610 2 0 |a deti 
610 2 0 |a emócie 
610 2 0 |a správanie 
610 2 0 |a konflikty 
610 2 0 |a pracovisko 
100 1 |a Kutlík, František